[Event "ROM-ch U10"]
[Site "Calimanesti Caciulata"]
[Date "2019.04.21"]
[Round "8"]
[White "Negru, Vlad"]
[Black "Cioc, Alexandru Marian"]
[Result "1-0"]
[WhiteElo "1321"]
[BlackElo "1126"]
[PlyCount "111"]
[EventDate "2019.04.15"]
[EventType "swiss"]
[EventRounds "9"]
[EventCountry "ROU"]
[SourceTitle "CBM 190 Extra"]
[Source "ChessBase"]
[SourceDate "2019.07.15"]
[SourceVersion "1"]
[SourceVersionDate "2019.07.15"]
[SourceQuality "1"]

1. c4 Nf6 2. Nc3 g6 3. g3 Bg7 4. Bg2 0-0 5. e4 d6 6. Nge2 e5 7. 0-0 Nbd7 8. d3 Ne8 9. f4 f5 10. Be3 Rb8 11. d4 b6 12. Rb1 Ba6 13. b3 c5 14. fxe5 dxe5 15. dxc5 Nxc5 16. Bxc5 bxc5 17. Qd5+ Qxd5 18. Nxd5 Nd6 19. exf5 Nxf5 20. Nec3 Kh8 21. Ne4 Rbc8 22. Bh3 Rc6 23. Bxf5 gxf5 24. Ne7 Rc7 25. Nxf5 Bb7 26. Ned6 Bc8 27. Nxc8 Rcxc8 28. Nxg7 Kxg7 29. Rxf8 Rxf8 30. Rf1 Rxf1+ 31. Kxf1 Kf6 32. Ke2 Kg5 33. h3 h5 34. Ke3 Kf6 35. Ke4 Ke6 36. g4 hxg4 37. hxg4 a6 38. g5 a5 39. g6 Kf6 40. g7 Kxg7 41. Kxe5 Kf7 42. Kd5 Ke7 43. Kxc5 Kd7 44. Kb6 a4 45. bxa4 Kc8 46. c5 Kb8 47. c6 Ka8 48. Kc7 Ka7 49. Kd7 Kb8 50. c7+ Ka7 51. c8Q Kb6 52. a5+ Ka7 53. Qc5+ Kb7 54. Qb5+ Ka7 55. Kc7 Ka8 56. Qb7# 1-0

[Event "ROM-ch U10"]
[Site "Calimanesti Caciulata"]
[Date "2019.04.17"]
[Round "3"]
[White "Sava, Robert Gabriel"]
[Black "Cioc, Alexandru Marian"]
[Result "0-1"]
[WhiteElo "1296"]
[BlackElo "1126"]
[PlyCount "100"]
[EventDate "2019.04.15"]
[EventType "swiss"]
[EventRounds "9"]
[EventCountry "ROU"]
[SourceTitle "CBM 190 Extra"]
[Source "ChessBase"]
[SourceDate "2019.07.15"]
[SourceVersion "1"]
[SourceVersionDate "2019.07.15"]
[SourceQuality "1"]

1. c4 Nf6 2. d4 g6 3. f3 Bg7 4. e4 d6 5. Nc3 0-0 6. Be3 Nbd7 7. Qd2 a6 8. 0-0-0 b5 9. cxb5 axb5 10. Bxb5 Ba6 11. Ba4 Nb6 12. Bb3 Bc4 13. Bxc4 Nxc4 14. Qd3 Nxe3 15. Qxe3 Qb8 16. Nge2 Qb7 17. Kc2 Rfb8 18. Rb1 Nd7 19. Qd3 c5 20. Rhd1 Ra6 21. e5 cxd4 22. Qxd4 Bxe5 23. Qd5 Qxd5 24. Rxd5 Rc8 25. Kd2 Nc5 26. b4 Na4 27. Nxa4 Rxa4 28. Ra5 Rxa5 29. bxa5 Ra8 30. Rb5 e6 31. Kc2 Bf6 32. Kb3 Bd8 33. Ka4 Kf8 34. Nd4 Ke8 35. Nc6 Bc7 36. Rb7 Kd7 37. Kb5 d5 38. a6 Kc8 39. Nb4 d4 40. Kc6 Ba5 41. Re7 Kd8 42. Rd7+ Ke8 43. a7 Bxb4 44. Rb7 Rc8+ 45. Kb5 Bd6 46. Rb6 Bxh2 47. Ka6 d3 48. Kb7 Rc7+ 49. Ka6 Rxa7+ 50. Kxa7 Bg1 0-1

[Event "ROM-ch U10"]
[Site "Calimanesti"]
[Date "2018.03.29"]
[Round "4"]
[White "Cioc, Alexandru Marian"]
[Black "Ungureanu, Andrei"]
[Result "1-0"]
[WhiteElo "1027"]
[BlackElo "1058"]
[PlyCount "59"]
[EventDate "2018.03.27"]
[EventType "swiss"]
[EventRounds "9"]
[EventCountry "ROU"]
[SourceTitle "CBM 183 Extra"]
[Source "ChessBase"]
[SourceDate "2018.04.19"]
[SourceVersion "1"]
[SourceVersionDate "2018.04.19"]
[SourceQuality "1"]

1. d4 Nf6 2. c4 g6 3. Nc3 Bg7 4. e4 d6 5. f4 Nbd7 6. e5 dxe5 7. fxe5 Ng8 8. Nf3 Nh6 9. Bd3 0-0 10. 0-0 f5 11. Bf4 e6 12. Qc2 c5 13. Bg5 Qc7 14. Nb5 Qa5 15. Be7 Re8 16. Bxc5 Nxc5 17. dxc5 Ng4 18. Qe2 f4 19. Nd6 Ne3 20. Nxe8 Nxf1 21. Kxf1 Qxc5 22. Nd6 a6 23. Qe4 Qe3 24. Qxe3 fxe3 25. Be4 Bh6 26. Ke2 Rb8 27. g4 Bf4 28. b4 b5 29. c5 Bxh2 30. Nxh2 1-0